00000000nas 2200000zi 4500
0019.898067
003CaOODSP
00520250709114240
006m     o  d f      
007cr cn ||||||||
008210329c20219999qucar p o    f0###b0fre|d
022 |a2563-9048
040 |aCaOODSP|bfre|erda|cCaOODSP
043 |an-cn---
0861 |aEn1-87F-PDF
222 0|aRèglement sur les effluents des fabriques de pâtes et papiers
24500|aRèglement sur les effluents des fabriques de pâtes et papiers : |brapport annuel.
24620|aRapport annuel
2461 |iLes livraisons de 2022- comportent le titre : |aRapport annuel de ... sur le Règlement sur les effluents des fabriques de pâtes et papier
264 1|aGatineau (Québec) : |bEnvironnement et changement climatique Canada = Environment and Climate Change Canada, |c[2021]-
336 |atexte|btxt|2rdacontent/fre
337 |ainformatique|bc|2rdamedia/fre
338 |aressource en ligne|bcr|2rdacarrier/fre
3621 |aParaît depuis : 2019.
500 |aPublié aussi en anglais sous le titre : Pulp and paper effluent regulations : annual report.
588 |aDescription d'après : 2019; titre de la page couverture du fichier PDF.
588 |aDernière livraison consultée : 2022.
650 6|aPapier|xIndustrie|xDéchets|xÉlimination|xDroit|zCanada|vPériodiques.
650 6|aPêches|xLégislation|zCanada|vPériodiques.
651 6|aCanada.
655 7|aPériodiques|2rvmgf
7101 |aCanada. |bEnvironnement et changement climatique Canada, |eorganisme de publication.
77508|tPulp and paper effluent regulations : |w(CaOODSP)9.898066